Statistics for Bake a Chocolate Cake by Guessing Ingredients

Click here to take the quiz!

General Stats

  • This quiz has been taken 1,234 times
    (1,226 since last reset)
  • The average score is 9 of 11

Answers on the Map

Answers color-coded by a green-red scale on the quiz's map according to % correct below.
 

Answer Stats

Answer% Correct
DoughWheat flour
94%
DoughSugar
93%
IcingSugar
93%
DoughEggs
89%
DoughChocolate
88%
IcingChocolate
88%
DoughMilk
87%
DoughButter
76%
IcingButter
76%
DoughBaking powder
75%
IcingHeavy cream
51%

Score Distribution

Percentile by Number Answered

Percent of People with Each Score

Your Score History

You have not taken this quiz since the last reset